Výpočet účinnosti rehabilitácie u starších pacientov s koronárnym ochorením

Podrobná bibliografia
Hlavní autori: Rudnicki, Stanisław, 1929-2014 (Autor), Tylka, J. (Autor), Mazurek, K. (Autor)
Médium: Článok
Jazyk:slovenčina
ISSN:1335-1850
Predmet:

MARC

LEADER 00000nab a2200000 a 4500
001 vtls000744107
003 SK-MaSNL
005 20260304130213.0
008 250429c2000 xo 0 slo
015 |a SNBRB2001/02-03806 
035 |a CLN000095944 
035 |a urn:nbn:sk:snk-abkro 
035 |a (urnnbn)urn:nbn:sk:snk:ar-a05cv3 
035 |a (uuid)ae903b1f-d87e-4c67-a224-5369af6eac41 
040 |a SNKBUCL  |b slo  |c SNKBUCL  |e AACR2 
041 0 |a slo 
044 |a xo  |c SK 
080 |a 616.12-053.9:615.8  |2 1997 
080 |a 615.8-053.9  |2 1997 
100 1 |a Rudnicki, Stanisław,  |d 1929-2014  |4 aut  |9 19619 
245 1 0 |a Výpočet účinnosti rehabilitácie u starších pacientov s koronárnym ochorením  |c S. Rudnicki, J. Tylka, K. Mazurek 
246 1 1 |a Establishment of rehabilitation effectiveness in elderly coronary heart disease patients 
610 2 7 |a Slovenská gerontologická a geriatrická spoločnosť  |x kongresy  |y 22.-24.6.2000  |2 snkbucl  |9 1427269 
650 0 7 |a bypass aortokoronárny  |2 snkbucl  |9 870093 
650 0 7 |a liečebná rehabilitácia  |2 snkbucl  |9 3306 
650 0 7 |a infarkt myokardu  |2 snkbucl  |9 2496 
650 0 7 |a seniori  |2 snkbucl  |9 117453 
650 0 7 |a kongresy  |2 snkbucl  |9 19200 
650 0 7 |a geriatria  |2 snkbucl  |9 903 
655 7 |a abstrakty  |2 snkbucl  |9 22516 
655 7 |a články z novín a časopisov  |2 snkbucl  |9 267496 
700 1 |a Tylka, J.  |4 aut  |9 1127444 
700 1 |a Mazurek, K.  |4 aut  |9 1367903 
773 0 |t Geriatria  |g Roč. 6, č. 2 (2000), s. 61  |x 1335-1850 
850 |a Slovenská národná knižnica 
852 |a Slovenská národná knižnica 
954 |a odborná, vedecká literatúra cudzojazyčná (svetová)  |2 lita 
958 |a article27 
958 |a MI 
958 |a OND 
958 |a EUIPO 
999 |c 2895239  |d 2897169